000
00404nam a2200145Ia 4500
008
100204s9999 xx 000 0 und d
082
_b
8189
100
_a
महानोर ना. धों.
245
_a
वही
260
_b
"पॉप्युलर प्रकाशन , मुंबई"
_c
1985 2
300
_a
64
630
_a
वही
730
_a
वही
942
_c
BOOK
999
_c
452625
_d
452622